Detekcia a klasifikácia emócií v rečovom signáli
Gespeichert in:
| 1. Verfasser: | |
|---|---|
| Weitere Verfasser: | |
| Format: | Manuskript Buch |
| Sprache: | Slowakisch |
| Veröffentlicht: |
Bratislava :
STU v Bratislave FEI,
2024
|
| Schlagworte: | |
| Online-Zugang: | https://opac.crzp.sk/?fn=detailBiblioFormChildIDKSR&sid=98506E6D5B5CDF253A8A8F55F29B&seo=CRZP-detail-kniha |
| Tags: |
Keine Tags, Fügen Sie das erste Tag hinzu!
|
MARC
| LEADER | 00000ntm a22000003a 4500 | ||
|---|---|---|---|
| 001 | stuzp66074 | ||
| 003 | SK-STU | ||
| 005 | 20241212101125.1 | ||
| 007 | ta | ||
| 008 | 150427s2015----xo-----f-mn---000-0-slo-d | ||
| 040 | |a STU |b slo | ||
| 041 | 0 | |a slo | |
| 044 | |a xo | ||
| 100 | 1 | |a Puterka, Boris |u 031000 |4 aut |U FEI Fakulta elektrotechniky a informatiky |T FEI Ústav robotiky a kybernetiky |X 54254 |U E011 |Y 356 |7 54254 | |
| 242 | 0 | 1 | |a Detection and Classification of Emotions from Speech Signals |y eng |
| 245 | 1 | 0 | |a Detekcia a klasifikácia emócií v rečovom signáli |
| 260 | |a Bratislava : |b STU v Bratislave FEI, |c 2024 | ||
| 300 | |a 104 s., príl. | ||
| 650 | 4 | |a rozpoznávanie emócií |2 slo | |
| 650 | 4 | |a spektrálna analýza |2 slo | |
| 650 | 4 | |a hlboké učenie |2 slo | |
| 650 | 4 | |a spectral analysis |2 eng | |
| 650 | 4 | |a deep learning |2 eng | |
| 650 | 4 | |a speech emotion recognition |2 eng | |
| 700 | 1 | |a Pavlovičová, Jarmila |u 031000 |k Z1 |4 ths |U FEI Fakulta elektrotechniky a informatiky |T FEI Ústav robotiky a kybernetiky |X 1872 |U E011 |Y 356 |7 A000001872 | |
| 856 | 4 | |u https://opac.crzp.sk/?fn=detailBiblioFormChildIDKSR&sid=98506E6D5B5CDF253A8A8F55F29B&seo=CRZP-detail-kniha | |